Total Quality Management (Record no. 34530)

MARC details
000 -LEADER
fixed length control field 00399nam a2200133Ia 4500
008 - FIXED-LENGTH DATA ELEMENTS--GENERAL INFORMATION
fixed length control field 231019s9999 xx 000 0 und d
082 ## - DEWEY DECIMAL CLASSIFICATION NUMBER
Classification number 658.562
Item number BES-T
100 ## - MAIN ENTRY--AUTHOR
Author Name Dale H. Besterfield, Carol Bisterfield-Michna, Glen H. Besterfield & Mary Besterfield-Scare
245 #0 - TITLE STATEMENT
Title Total Quality Management
260 ## - PUBLICATION, DISTRIBUTION, ETC.
Place of Publication USA
Name of publisher, distributor, etc. Pearson Education
Date of publication, distribution, etc. 2002
300 ## - PHYSICAL DESCRIPTION
Pages 640
650 ## - SUBJECT ADDED ENTRY--TOPICAL TERM
Subject / Department Management
952 ## - LOCATION AND ITEM INFORMATION (KOHA)
-- 0
-- 0
Holdings
Lost status Damaged status Permanent Location Current Location Date acquired Full Call Number Accession No./Barcode Date last seen item type
    Superior Information Resource Center (SIRC) Superior University - City Campus Superior Information Resource Center (SIRC) Superior University - City Campus 10/19/2023 658.562 BES-T 28079 10/19/2023 BOOK

Powered by Koha